| 000 | 02128aam a2200469 a 4500 | ||
|---|---|---|---|
| 999 |
_c322707 _d322707 |
||
| 003 | BLK | ||
| 005 | 20250519182010.0 | ||
| 008 | 181012b bu b|||gr|||| 00| 0 bu d | ||
| 020 | _a9789543263448 | ||
| 040 | _aBLK | ||
| 041 |
_aBUL _cBUL |
||
| 080 |
_aВътрешни работи. Вътрешна политика _b323 _x(497) _z323(497) |
||
| 100 |
_aПрешленова, Румяна Илиева _eпърви автор _91299 |
||
| 139 |
_aПрешленова, Румяна Илиева _bП 85 |
||
| 245 |
_aМаски долу! Национализмът на Балканите през ХХ век _cРумяна Прешленова и др. |
||
| 260 |
_bПарадигма _c2018 _aСофия _dСофия _fБулгед |
||
| 300 |
_a284 с. _c24 см _bс ил., цв. к |
||
| 380 | _a3 | ||
| 500 | _aДруги авт.: Наум Кайчев, Боби Бобев, Юра Константинова, Калина Пеева, Анета Михайлова За авторите: с. 282-283 | ||
| 504 | _aБиблиогр. след отд. материали | ||
| 650 | 0 |
_9252859 _aНационализъм - балкански страни |
|
| 650 | 7 |
_9163708 _aНационален въпрос и национална политика - балкански страни |
|
| 653 | 7 |
_9191883 _aнационализъм |
|
| 653 | 7 |
_9190398 _aмалцинства |
|
| 653 | 7 |
_9181621 _aБалкани |
|
| 700 |
_aКайчев, Наум Илиев _eсъавт. _91445 |
||
| 700 |
_aБобев, Боби Николов _eсъавт. _91445 |
||
| 700 |
_aКонстантинова, Юра Тотева _eсъавт. _91445 |
||
| 700 |
_aПеева, Калина Иванова _eсъавт. _91445 |
||
| 700 |
_aМихайлова, Анета Василева _eсъавт. _91445 |
||
| 852 | _aЦб 295410 | ||
| 942 |
_cKNG _2udc _n0 _04 |
||
| 944 |
_aED _c2019-07-05 _k30535 _lХристина Везирева |
||
| 999 | _d322707 | ||
| 999 | _d322707 | ||
| 999 | _d322707 | ||
| 999 | _d322707 | ||
| 999 | _d322707 | ||
| 999 | _d322707 | ||
| 999 | _d322707 | ||
| 999 | _d322707 | ||